000 02187nam a2200457 c 4500
999 _c183825
_d183825
003 BLK
005 20240315154252.0
008 180411b bul|||||r ||||||| ||bul||
010 _aKNG00192770000
040 _aBLK
041 _aBUL
_cBUL
072 7 _2bullib
_aА
_xФонд Михаил Арнаудов
072 7 _2bullib
_aЯ
_xАвтографи
080 _aЛитературна критика
_b82.09
_z82.09
080 _aФилолог, български политик, преподавател
_b929 Шишманов, Иван Димитров
_z929 Шишманов, Иван Димитров
100 1 _aДимов, Георги Христов
_eпърви автор
_9343099
139 _aДимов, Георги Христов
_bШ 70
245 1 0 _aИван Д. Шишманов - литературен историк и критик
_cГеорги Христов Димов.
257 _aBGR
260 _bБАН
_c1956
300 _a268 с., 6 л.
_bфакс., 1 л. : портр.
_c21 см
380 _a82
490 _9396381
_aЧастна колекция - Академик Михаил Арнаудов
_gДарение - Основен фонд
500 _aИзд. на БАН. Инст. за бълг. лит. - Библиогр. под линия. - Рез. на рус. и фр. ез. - Фонд Михаил Арнаудов - Твърда подв.
500 _aАвтограф с текст: На уважаемия проф. М. Арнаудов скромен дар! 5. ІХ. 1956 г. Г. Димов.
600 1 4 _aШишманов, Иван Димитров
_9143639
650 4 _aЛитературна критика, българска
_9241943
650 4 _aШишманов, Иван Димитров
_9365496
653 _aИван Шишманов
653 _aлитературна критика
659 _aА
659 _aЯ
852 _aМА 428
_bМА
856 4 _qpdf
856 4 _qpdf
942 _cKNG
_n0
_s1
944 _aCR
_c13.10.2016
_k30560
_lГеновева Генчева
944 _aED
_c09.06.2017
_kГеновева_Генчева
999 _d183825
999 _d183825